Statistics for Thesaurus.com: Synonyms of 'Like'

Click here to take the quiz!

General Stats

  • This quiz has been taken 15 times
  • The average score is 3 of 14

Answer Stats

HintSynonym% Correct
LLove
92%
AAdore
67%
AAdmire
42%
AAppreciate
33%
CCherish
33%
FFancy
17%
EEsteem
8%
AApprove
0%
DDig
0%
EExclaim
0%
GGo for
0%
PPrize
0%
RRelish
0%
SSavour
0%

Score Distribution

Percentile by Number Answered

Percent of People with Each Score

Your Score History

You have not taken this quiz